00503 2200193 4500001002100000005001500021008004100036020002200077035001900099041000700118082001700125090001700142100001600159245005800175250000600233260003600239300001900275650001500294INLIS00000000001448520241224114744241224||||||||| | ||| |||| || |  a978-979-769-342-8 0010-1224014485 aid0 a346.09 BUR h a346.09 BUR h0 aburhanuddin00aHukum surat berharga syariah negara dan pengaturannya a1 aJakartabGRAFINDO PERSADAc2011 av,170hlm,;21cm 0ailmu hukum